SAT Words Impossible Click Quiz - G - Statistics

General Stats
  • This quiz has been taken 222 times
  • The average score is 6 of 18
Answer Stats
Hint Answer % Correct
Small cave Grotto
89%
Bent abruptly, like a knee Geniculate
66%
Person who raises livestock on grassy land Grazier
57%
Slender and graceful Gracile
55%
Extremely cold Gelid
53%
Confusing jumble; hodgepodge Gallimaufry
45%
Street urchin; mischievous child Gamin
40%
Having short, cryptic sayings Gnomic
38%
Spring forward; bounding stride of a horse Gambado
26%
Force-feed; tube-feed Gavage
26%
Smooth, hairless Glabrous
26%
Risible, prone to laughter Gelastic
25%
Shadow-casting pin of a sundial Gnomon
25%
Basket or cage of rocks for fighting soil erosion Gabion
23%
Reward; recompense Guerdon
16%
Confused, meaningless language Galimatias
15%
Having small, colourful drops Guttate
12%
Small group of people who share a trait Galère
8%
No matching quizzes found
Score Distribution
Percent of People with Each Score
Percentile by Number Answered
Your Score History
You have not taken this quiz